Flughafencodes Nordamerika #1 - Statistiken

Allgemein
  • Dieses Quiz wurde 55 mal gespielt
  • Das Durchschnittsergebnis liegt bei 13 aus 15
Antwortstatistiken
Hint Antwort % Korrekt
Havanna HAV
100%
Miami MIA
100%
Philadelphia PHL
100%
Phoenix PHX
100%
Atlanta ATL
98%
Denver DEN
98%
Guadalajara GDL
98%
Monterrey MTY
98%
San Francisco SFO
98%
Kingston KIN
95%
Minneapolis MSP
78%
Calgary YYC
70%
Toronto YYZ
53%
Chicago ORD
50%
Orlando MCO
30%
Keine übereinstimmenden Quizze gefunden
Verteilung der Resultate
Anzahl Personen mit jedem Resultat
Perzentil nach korrekt beantworteten Fragen
Ihre Resultats-Entwicklung
Sie haben dieses Quiz noch nicht gespielt